The erotic world of Peter de Rome /

Đã lưu trong:
Chi tiết về thư mục
Tác giả chính: De Rome, Peter (Tác giả)
Định dạng: Sách
Ngôn ngữ:Tiếng Anh
Được phát hành: London : GMP, [c1984]
Các nhãn: Thêm thẻ
Không có thẻ, Là người đầu tiên thẻ bản ghi này!

MARC

LEADER 00000nam a22000007i 4500
001 IT\ICCU\UBO\2182646
003 ItRI
005 20260115231826.0
008 030508s1984 xxk|||||| ||||| |||||c
020 |a 0907040462 
040 |b ita  |c importazione bologna sebina 
041 7 |a eng  |2 ISO-639-2 
100 1 |a De Rome, Peter  |0 IT\ICCU\UBOV\786697  |4 aut 
245 1 4 |a The erotic world of Peter de Rome /  |c Peter de Rome. 
260 |a London :  |b GMP,  |c [c1984] 
300 |a 188 p., [4] c. di tav. :  |b ill. ;  |c 22 cm. 
942 |2 ddc  |c BK  |n 0 
952 |0 0  |1 0  |4 0  |6 DOC_820_992000000000000_DER  |7 0  |9 13623  |a BO  |b BO  |d 2026-01-15  |i 1636  |l 0  |o DOC 820.992 DER  |p BO1636  |r 2026-01-15 23:18:26  |w 2026-01-15  |x [Sebina 5] [1 v.]  |y BK  |z 1 v. 
999 |c 11717  |d 11717